LIBRARY & INFORMATION CENTRE, KCAET, TAVANUR

ONLINE PUBLIC ACCESS CATALOGUE (OPAC)

Bikki falkki / (Record no. 2620)

MARC details
000 -LEADER
fixed length control field 00356cam a2200145ua 4500
041 ## - LANGUAGE CODE
Language code of text/sound track or separate title hin
082 ## - DEWEY DECIMAL CLASSIFICATION NUMBER
Classification number 891.43
Item number MIT/BI
100 ## - MAIN ENTRY--AUTHOR NAME
Personal name Mithaul, Mahendra .
245 ## - TITLE STATEMENT
Title Bikki falkki /
260 ## - PUBLICATION, DISTRIBUTION, ETC. (IMPRINT)
Place of publication :
Name of publisher Bharatiya Sahitya Mandal ,
Year of publication 1962.
300 ## - PHYSICAL DESCRIPTION
Number of Pages 182 ; .
942 ## - ADDED ENTRY ELEMENTS (KOHA)
Koha item type Books
Holdings
Withdrawn status Lost status Damaged status Home library Current library Date acquired Full call number Accession Number Koha item type Public note
Withdrawn     KAUAET KAUAET 07/04/2012 891.43 4944 Books Deleted
free website counter